00707cam a22002411 4500001001300000003000400013005001700017008004100034010001700075035001900092040004900111041001300160042001200173050001500185100003600200245006300236260004400299300002600343440003100369504002800400650002000428999001700448pa 61000040 DLC20260227111855.0770620s1961 dcua b 000 0 eng c apa 61000040  a(OCoLC)3054622 aPan American Union. LibrarycTNJdOCoLCdDLC1 aenghund apremarc00aN6635b.M82 aMujica Láinez, Manuel,d1910-00aArgentina.c[English translation by William McLeod Rivera] aWashington,bPan American Union,c1961. a74 p.billus.c18 cm. 0aArt in Latin America today aBibliography: p. 72-74. 0aArt, Argentine. c51467d51467